Memoria sobre el estado y adelanto de las obras del Puerto de Barcelona durante el año 1906
Descripción Física:
220 p. : il.; 21 plànols pleg.; [27] f. de làm., 1 làm. pleg. ; 28 cm
MARC
| LEADER | 00000nam a2200000Ia 4500 | ||
|---|---|---|---|
| 001 | 11839 | ||
| 008 | 160829s1908 xx 000 0 cat d | ||
| 080 | |a C-1-162 | ||
| 110 | 2 | |a Port de Barcelona |9 51934 | |
| 245 | |a Memoria sobre el estado y adelanto de las obras del Puerto de Barcelona durante el año 1906 | ||
| 260 | |a Barcelona : |b (Est. Tip. Vda. de Domingo Casanovas), |c 1908 | ||
| 300 | |a 220 p. : |b il.; |c 21 plànols pleg.; |c [27] f. de làm., 1 làm. pleg. ; |c 28 cm | ||
| 650 | |a Port de Barcelona |x Memòries |9 37441 | ||
| 650 | |a Port de Barcelona |x Projectes i construcció |9 37442 | ||
| 901 | |a Arxiu | ||
| 942 | |n 1 | ||
| 952 | |0 0 |1 0 |4 0 |6 C1162 |7 1 |9 47866 |a Arxiu |b Arxiu |d 2016-12-01 |l 0 |o C-1-162 |p 11839 |r 2016-12-01 00:00:00 |w 2016-12-01 |y ARXIU | ||
| 999 | |c 51666 |d 51666 | ||